00918nam a2200265Ia 450000100060000000300090000600800410001504000130005604000130006904100130008210000150009510000290011024500410013924500410018025000110022126000110023226000160024326000490025930000420030850001930035065000280054365000310057170000220060270000280062413645IT-RoPAU130308s9999 xx 000 0 und d aIT-RoPAU cIT-RoPAU aITALIANO aPorte R.T. gCodice Aut. SPICS: 2399 aRicerca del costo in tipografia (La) bRicerca del costo in tipografia (La) a1a ed. aTORINO bFrassinelli c1929 [1° Ed.:1929 - Ed.Ling.Originale:1929] a"264 p. (prefazione: 12; testo: 252)" aCosto del Lavoro di ufficio magazzino Composizione Stampa Legatoria Resoconto costo Profitti e Perdite Assicurazioni Tasse e interessi Ammortamento spese vendita e Distribuzione Preventivo aINDUSTRIA DELL'EDITORIA eCodice materia Spics: 6606 aFrassinelli Carlo gCodice Aut. SPICS: 6447